000 nam a22 7a 4500
999 _c28497
_d28497
008 170307b xxu||||| |||| 00| 0 eng d
020 _a9780627027123
050 _aHB 171.5 .M64 2008
100 _aMohr, Philip
245 _aEconomics:
_bfor South African Student/
_cPhilip Mohr and Louis Fourie
250 _a4th ed.
260 _aSouth Africa:
_bVan Schaik Publishers,
_c2008.
300 _ax,534p.:
_bill.;
_c26cm.
521 _aIncludes index.
942 _2lcc
_cBOOKS
_hHB 171.5 .M64 2008